000 00440nam a22001697a 4500
005 20180710115703.0
008 160614b xxu||||| |||| 00| 0 eng d
020 _a978-81-315-0491-8
041 _aeng
082 _b7426
_a658.15
100 _aBrigham, Eugene F, & Ehrhardt, Michael C
_94505
245 _aFinancial Management
260 _bCengage leaning
_c2008
_anew delhi
300 _a792p,
650 _aManagement
_9241
942 _cBK
999 _c2646
_d2645